مكتبة جامعة عجلون الوطنية

فهرس بحث المكتبة

Normal view MARC view
  • تاليف المؤمن، مكي حبيب، م.مشارك منهل، علي عجيل

Entry Personal Name

Number of records used in: 1

001 - CONTROL NUMBER

  • control field: 8814

003 - CONTROL NUMBER IDENTIFIER

  • control field: JO-AjAnu

005 - DATE AND TIME OF LATEST TRANSACTION

  • control field: 20230606071723.0

008 - FIXED-LENGTH DATA ELEMENTS

  • fixed length control field: 230606|| aca||aabn | a|a d

040 ## - CATALOGING SOURCE

  • Original cataloging agency: JO-AjAnu
  • Transcribing agency: JO-AjAnu

100 ## - HEADING--PERSONAL NAME

  • Personal name: تاليف المؤمن، مكي حبيب، م.مشارك منهل، علي عجيل

670 ## - SOURCE DATA FOUND

  • Source citation: Work cat.: (JO-AjAnu)4548: تاليف المؤمن، مكي حبيب، م.مشارك منهل، علي عجيل, author, من طلائع يقطة الامة العربية: عزيز علي المصري، نجيب عازوري، فرح انطوان، شبلي شميل